000 00365nam a2200145 i 4500
001 bg
100 1 _aWASILUK, Wiktor
245 0 _aWentylacja w procesach budowy statków /
_cW. Wasiluk, W. Korczak.
260 _aGdańsk,
_c1979.
700 1 _aKORCZAK, Władysław
040 _cBPK
041 _apol
942 _cKS
008 s pl f |000 0 pol
999 _c18682
_d18682
856 _uhttp://koha.tu.koszalin.pl/cgi-bin/koha/opac-detail.pl?biblionumber=18682
_yKatalog online BPK